000 00293nam a22001337a 4500
008 170131b xxu||||| |||| 00| 0 eng d
020 _a0803644957
041 _aeng
080 _22ND
_a61
100 _a3
101 _aSHMI
245 _aMEDICAL TERMINOLOGY
_cGYLYS & WEDDING
942 _2udc
_cBK
999 _c4075
_d4075